Βιβλιοθήκη Γενικής Γραμματείας Επικοινωνίας & Ενημέρωσης

Times of Cyprus [newspaper] (Αριθ. εγγραφής 6282)

Στοιχεία MARC
000 -ΕΤΙΚΕΤΑ ΕΓΓΡΑΦΗΣ (LEADER)
Σταθερού μήκους πεδίο ελέγχου 00764nas a2200253 4500
003 - PERSISTENT ΑΝΑΓΝΩΡΙΣΤΙΚΟ ΕΓΓΡΑΦΗΣ
Πεδίο ελέγχου GR-kaGGEEl
005 - ΤΑΥΤΟΤΗΤΑ ΕΚΔΟΧΗΣ
Πεδίο ελέγχου 20220622205358.0
035 ## - ΑΡΙΘΜΟΙ ΕΛΕΓΧΟΥ ΑΛΛΩΝ ΣΥΣΤΗΜΑΤΩΝ
Αριθμός ελέγχου συστήματος 8989
100 ## - ΓΕΝΙΚΑ ΔΕΔΟΜΕΝΑ ΕΠΕΞΕΡΓΑΣΙΑΣ
Γενικά δεδομένα επεξεργασίας 20100512e k y0engy50 ba
101 0# - ΓΛΩΣΣΑ ΤΟΥ ΠΟΡΟΥ
Γλώσσα κειμένου, soundtrack, κλπ. Αγγλική γλώσσα
102 ## - ΧΩΡΑ ΔΗΜΟΣΙΕΥΣΗΣ Ή ΠΑΡΑΓΩΓΗΣ
Χώρα δημοσίευσης Κύπρος
106 ## - ΠΕΔΙΟ ΚΩΔΙΚΟΠΟΙΗΜΕΝΩΝ ΔΕΔΟΜΕΝΩΝ: ΥΛΙΚΟ ΜΕ ΚΕΙΜΕΝΟ - ΜΟΡΦΗ
Textual Material Coded Data Physical Medium Designator e
110 ## - ΠΕΔΙΟ ΚΩΔΙΚΟΠΟΙΗΜΕΝΩΝ ΔΕΔΟΜΕΝΩΝ: ΠΕΡΙΟΔΙΚΑ ΔΗΜΟΣΙΕΥΜΑΤΑ
Κωδικοποιημένα δεδομένα περιοδικού δημοσιεύματος c||| 0|||
200 1# - ΤΙΤΛΟΣ ΚΑΙ ΔΗΛΩΣΗ ΠΝΕΥΜΑΤΙΚΗΣ ΥΠΕΥΘΥΝΟΤΗΤΑΣ
Κύριος Τίτλος Times of Cyprus [newspaper]
310 ## - ΣΗΜΕΙΩΣΕΙΣ ΣΧΕΤΙΚΕΣ ΜΕ ΤΗ ΒΙΒΛΙΟΓΡΑΦΙΑ ΚΑΙ ΤΗ ΔΙΑΘΕΣΙΜΟΤΗΤΑ
Κείμενο της σημείωσης Η βιβλιοθήκη διαθέτει τα εξής: 1958 - 1959, 1960(A)
310 ## - ΣΗΜΕΙΩΣΕΙΣ ΣΧΕΤΙΚΕΣ ΜΕ ΤΗ ΒΙΒΛΙΟΓΡΑΦΙΑ ΚΑΙ ΤΗ ΔΙΑΘΕΣΙΜΟΤΗΤΑ
Κείμενο της σημείωσης Η εφημερίδα είναι δεμένη σε 4 τόμους μεγάλου μεγέθους.
606 1# - ΘΕΜΑΤΙΚΟ ΣΗΜΕΙΟ ΠΡΟΣΒΑΣΗΣ - ΘΕΜΑΤΙΚΟ ΟΝΟΜΑ
Στοιχείο αναγραφής Τύπος, Κυπριακός
Εσωτερικός κωδικός Koha 23970
607 ## - ΘΕΜΑΤΙΚΟ ΣΗΜΕΙΟ ΠΡΟΣΒΑΣΗΣ - ΓΕΩΓΡΑΦΙΚΟ ΟΝΟΜΑ
Στοιχείο αναγραφής Κύπρος
Θεματική υποδιαίρεση Εφημερίδες
Εσωτερικός κωδικός Koha 16682
676 ## - ΔΕΚΑΔΙΚΗ ΤΑΞΙΝΟΜΗΣΗ DEWEY (DDC)
Αριθμός 079.5645
942 ## - ADDED ENTRY ELEMENTS (KOHA)
Τύπος αντιτύπου Koha Περιοδικά

Δεν υπάρχουν διαθέσιμα τεκμήρια.